Dil̀ogo entre la teora̕ comunicacional del derecho y otras perspectivas ter̤icas

Detalles Bibliográficos
Autor principal: Medina Morales, Diego
Otros Autores: Ortiz Bolaǫs, Liliana
Formato: eBook
Lenguaje:español
Publicado: Madrid: Dykinson, 2022
Materias:
Acceso en línea:Acceso restringido

MARC

LEADER 00000nam a22000007a 4500
005 20220720210858.0
007 cr|||| ||||
008 220720s2022 es |||||s|||| 00||0 spa d
020 |a 978-84-1122-156-6 
035 |a 36478 
040 |a vLex 
090 |c 13627  |d 13627 
100 1 |a Medina Morales, Diego 
245 1 0 |a Dil̀ogo entre la teora̕ comunicacional del derecho y otras perspectivas ter̤icas  |h [Recurso electrn̤ico] /  |c Diego Medina Morales, Liliana Ortiz Bolaǫs 
256 |a Servicio en ln̕ea 
260 |a Madrid:  |b Dykinson,  |c 2022 
300 |a 1 recurso electrn̤ico 
500 |a El dil̀ogo, como la mx̀ima expresin̤ del conocimiento, es el mťodo empleado en la construccin̤ de esta Obra colectiva dedicada a la Teora̕ Comunicacional del Derecho que cuenta con las contribuciones de: Diego Medina Morales, Antonio Mara̕ La Porta, ℓngelo Anzalone, Liliana Ortiz Bolaǫs, Juan Pablo Domn̕guez Angulo, Adolfo J. Sǹchez Hidalgo, Jos ̌J. Albert Mr̀quez, Cristina Hermida Del Llano, Ivǹ Leonardo Martn̕ez Pinilla, Claudia Lorena Esquivel Garca̕ y Mara̕ Alejandra Arv̌alo Moscoso. El texto indaga por la Teora̕ del Derecho desde una aproximacin̤ hermenǔtica que se explica por la comunicacin̤ epistemolg̤ica entre la Teora̕ Comunicacional del Derecho y otras perspectivas ter̤icas. En su camino, la Teora̕ comunicacional ha desafiado conceptos tradicionales de la teora̕ del Derecho; en ese trayecto ha logrado componer una teora̕ analt̕ico-hermenǔtica de lo jurd̕ico destinada a la comprensin̤ de conceptos que narran el “ser” del Derecho desde una perspectiva sistm̌ica al interior de un nuevo concepto sobre el contorno organizacional de lo jurd̕ico. La primera parte del Texto est ̀dedicada al dil̀ogo entre la Teora̕ Comunicacional del Derecho y otras teora̕s, en aspectos como, el sentido comn︢, la imputacin̤ objetiva, la teora̕ tridimensional, la teora̕ de Carl Schmitt, la teora̕ kelseniana, la teora̕ crt̕ica del derecho de Luiz Fernando Coelho, la visin̤ del Derecho de Nicols̀ Gm̤ez Dv̀ila y la idea del Derecho de Shapiro y Arnaud. La segunda parte del Libro, se ocupa del anl̀isis de la Teora̕ Comunicacional y las relaciones intersistm̌icas interpretadas desde el pluralismo jurd̕ico, la indecidibilidad constitucional y la perspectiva trialista del Derecho. 
506 1 |a Disponible solo en los productos indicados  |d vLex Global  |d vLex Global (Academic Edition, excluding Law Schools)  |d vLex Global (U.S. Academic Edition, Law Schools)  |d vLex Global (U.S. Academic Edition, excluding Law Schools)  |d vLex Global (Academic Edition, Law Schools) 
650 0 4 |a Derecho Militar  |z Espaą 
650 0 4 |a Filosofa̕ y religin̤  |z Espaą 
700 1 |a Ortiz Bolaǫs, Liliana 
740 0 |a vLex Libros (Servicio en ln̕ea) 
856 4 0 |u https://app.vlex.com/#/sources/36478  |z Acceso restringido 
942 |c BOOK 
999 0 |a Military Law 
999 0 |a Philosophy and religion